000 00455nam a2200181Ia 4500
001 13609
005 20260306164813.0
008 260306t1993||||xx |||||||||||||| ||spa||
041 _aESP
082 _a005.1
_bG19
100 _aGalve Francés, Javier
_eAUT
245 0 _aAlgorítmica :
_bdiseño y análisis de algoritmos funcionales e imperativos
260 _c1993
300 _a
_c
650 _aGEN
654 _aCCC
942 _cLIB
_dJUS
_fJUS
_2ddc
_n
999 _c13609
_d13609